National Assembly Library of Thailand

รายงานการพิจารณาศึกษา เรื่อง "การปฏิรูปกระบวนการยุติธรรมทางอาญาในชั้นสอบสวน" ของคณะกรรมาธิการการกฎหมาย การยุติธรรมและสิทธิมนุษยชน สภาผู้แทนราษฎร / (ระเบียนเลขที่ 97032)

รายละเอียดในรูปแบบ MARC
000 -LEADER
fixed length control field 02809nam a22002297a 4500
003 - CONTROL NUMBER IDENTIFIER
control field NALT
005 - DATE AND TIME OF LATEST TRANSACTION
control field 20251014130358.0
008 - FIXED-LENGTH DATA ELEMENTS--GENERAL INFORMATION
fixed length control field 200617b th ||||| |||| 00| 0 tha d
040 ## - CATALOGING SOURCE
Original cataloging agency NALT
090 ## - LOCALLY ASSIGNED LC-TYPE CALL NUMBER (OCLC); LOCAL CALL NUMBER (RLIN)
Classification number (OCLC) (R) ; Classification number, CALL (RLIN) (NR) KU 13
Local cutter number (OCLC) ; Book number/undivided call number, CALL (RLIN) ส226ร 2563
110 2# - MAIN ENTRY--CORPORATE NAME
9 (RLIN) 12276
Corporate name or jurisdiction name as entry element สำนักงานเลขาธิการสภาผู้แทนราษฎร.
Subordinate unit สำนักกรรมาธิการ 2.
-- กลุ่มงานคณะกรรมาธิการการกฎหมาย การยุติธรรมและสิทธิมนุษยชน
245 10 - TITLE STATEMENT
Title รายงานการพิจารณาศึกษา เรื่อง "การปฏิรูปกระบวนการยุติธรรมทางอาญาในชั้นสอบสวน" ของคณะกรรมาธิการการกฎหมาย การยุติธรรมและสิทธิมนุษยชน สภาผู้แทนราษฎร /
Statement of responsibility, etc. กลุ่มงานคณะกรรมาธิการการกฎหมาย การยุติธรรมและสิทธิมนุษยชน สำนักกรรมาธิการ 2 สำนักงานเลขาธิการสภาผู้แทนราษฎร.
260 ## - PUBLICATION, DISTRIBUTION, ETC.
Place of publication, distribution, etc. กรุงเทพฯ :
Name of publisher, distributor, etc. กลุ่มงานคณะกรรมาธิการการกฎหมาย การยุติธรรมและสิทธิมนุษยชน สำนักกรรมาธิการ 2 สำนักงานเลขาธิการสภาผู้แทนราษฎร,
Date of publication, distribution, etc. 2563.
300 ## - PHYSICAL DESCRIPTION
Extent 1 เล่ม :
Dimensions 29 ซม.
Other physical details แผนภูมิ ;
505 2# - FORMATTED CONTENTS NOTE
Formatted contents note 1. การดำเนินการ --<br/>2. วิธีการพิจารณาศึกษา --<br/>3. หน่วยงานและเอกสารที่เกี่ยวข้อง --<br/>3.1 หน่วยงานที่เกี่ยวข้อง --<br/>3.2 เอกสารที่เกี่ยวข้อง --<br/>4. ผลการพิจารณา --<br/>4.1 ความเป็นมาและสภาพปัญหา --<br/>4.2 ประเด็นการพิจารณา --<br/>5. ข้อสังเกตและข้อเสนอแนะของคณะกรรมาธิการ.
650 #4 - SUBJECT ADDED ENTRY--TOPICAL TERM
9 (RLIN) 4283
Topical term or geographic name entry element กระบวนการยุติธรรมทางอาญา
650 #4 - SUBJECT ADDED ENTRY--TOPICAL TERM
9 (RLIN) 45450
Topical term or geographic name entry element กระบวนการยุติธรรมทางอาญา
General subdivision การสืบสวนคดีอาญา
850 ## - HOLDING INSTITUTION
Holding institution NALT
942 ## - ADDED ENTRY ELEMENTS (KOHA)
Koha item type Law Book
Source of classification or shelving scheme Local Classification
996 ## - STAFF PROCESSING RECORDS (NALT)
Staff name varee.k
Staff type LIBSTF
Acquisition or Cataloging date 2025-10-14
998 ## - STAFF NAME (NALT)
-- 6650
-- นางสาววารี เกตุโฉม
รายการที่มีในห้องสมุด
Withdrawn status Lost status Source of classification or shelving scheme Damaged status Not for loan Collection code Home library Current library Shelving location Date acquired Total Checkouts Full call number Barcode Date last seen Copy number Price effective from Koha item type Source of acquisition
    Local Classification     Law Book collection National Assembly Library of Thailand National Assembly Library of Thailand Law Book shelves 17/06/2020   KU 13 ส226ร 2563 3961210622 24/06/2020 ฉ.1 17/06/2020 Law Book  
    Local Classification     Law Book collection National Assembly Library of Thailand National Assembly Library of Thailand Law Book shelves 08/10/2025   KU 13 ส226ร 2563 3961215761 08/10/2025 ฉ.2 08/10/2025 Law Book หน่วยงานภาครัฐ
หอสมุดรัฐสภา
สำนักงานเลขาธิการสภาผู้แทนราษฎร เลขที่ 1111 ถนนสามเสน แขวงถนนนครไชยศรี เขตดุสิต กรุงเทพฯ 10300
The Secretariat of the House of Representatives 1111 Samsen Road, Thanon Nakhon Chai Si, Dusit, Bangkok 10300, THAILAND
โทรศัพท์: +66(0) 2242 5900 ต่อ 5714-5 โทรสาร: +66(0) 2242 5990 อีเมล: [email protected]